| 000 | 00402cam a2200169ua 4500 | ||
|---|---|---|---|
| 020 | _c1.00 | ||
| 041 |
_amal _h |
||
| 082 |
_a894.812301 _bRAD/UG |
||
| 100 | _aRadhakrishnan, C. | ||
| 245 |
_aUgramoorthikal / _cC.Radhakrishnan. _hTextual Documents |
||
| 260 |
_aThrissur : _bCurrent Books , _c1965. |
||
| 300 | _a67 ; . | ||
| 365 | _a1.00 | ||
| 504 | _a | ||
| 942 | _cBK | ||
| 999 |
_c6549 _d6549 |
||